| 000 | 00333nam a2200121Ia 4500 | ||
|---|---|---|---|
| 008 | 210430s9999 xx 000 0 und d | ||
| 082 | _a547 G 8731 U | ||
| 100 | _aP.H. Groggins | ||
| 245 |
_aUnit Processes in Organic Synthesis 5th _cP.H. Groggins |
||
| 260 |
_aIndia _bTata McGraw Hill _c2012 |
||
| 300 | _a1069 p | ||
| 942 |
_cBK _2ddc |
||
| 999 |
_c565080 _d565080 |
||